000
00372nam a2200181Ia 4500
100
_a
Das/Annapurna/ Das/S.K
650
_a
Microwave
250
_a
2
942
_c
BK
366
_f
20
654
_a
microwave
245
_a
Microwave Engineering
260
_b
McGraw Hill
_c
2009
082
_a
621.3813
_b
DAS
300
_a
556
546
_a
ENGLISH
_c
TTL
999
_c
31612
_d
31612